书目信息 |
| 题名: |
图说济南老建筑
|
|
| 作者: | 张润武 , 薛立 撰著/摄影 | |
| 分册: | 近代卷 | |
| 出版信息: | 济南 济南出版社 2007 |
|
| 页数: | 10,402页 | |
| 开本: | 24cm | |
| 丛书名: | ||
| 单 册: | ||
| 中图分类: | TU-881.2 | |
| 科图分类: | ||
| 主题词: | 建筑实录--济南市--近代 , 建筑实录 , 建筑实录--济南市 | |
| 电子资源: | ||
| ISBN: | 7-80710-293-4 | |
| 000 | 00914nam0 2200265 450 | |
| 001 | 070730000318 | |
| 005 | 20071015092503.52 | |
| 010 | @a7-80710-293-4@dCNY50.00 | |
| 035 | @a003372141 | |
| 100 | @a20070124d2007 em y0chiy0110 ea | |
| 101 | 0 | @achi |
| 102 | @aCN@b370000 | |
| 105 | @aa z 000yy | |
| 200 | 1 | @a图说济南老建筑@Atu shuo ji nan lao jian zhu@i近代卷@f张润武,薛立撰著/摄影 |
| 210 | @a济南@c济南出版社@d2007 | |
| 215 | @a10,402页@c图@d24cm | |
| 330 | @a本书图文并茂地介绍了济南的宗教建筑、领事馆与外国机构、交通邮电建筑、商业及其他服务性建筑、银行及金融建筑、文化教育与医疗建筑、工业及仓储建筑、住宅建筑、娱乐、市政及其他建筑。 | |
| 606 | 0 | @a建筑实录@y济南市@z近代 |
| 606 | 0 | @a建筑实录 |
| 606 | 0 | @a建筑实录@y济南市 |
| 690 | @aTU-881.2@v4 | |
| 701 | 0 | @a张润武@Azhang run wu@4撰著/摄影 |
| 701 | 0 | @a薛立@Axue li@c(建筑)@4撰著/摄影 |
| 801 | 0 | @aCN@c20071015 |
| 905 | @dTU-881.2@eZ150 | |
| 图说济南老建筑.近代卷/张润武,薛立撰著/摄影.-济南:济南出版社,2007 |
| 10,402页:图;24cm |
| ISBN 7-80710-293-4:CNY50.00 |
| 本书图文并茂地介绍了济南的宗教建筑、领事馆与外国机构、交通邮电建筑、商业及其他服务性建筑、银行及金融建筑、文化教育与医疗建筑、工业及仓储建筑、住宅建筑、娱乐、市政及其他建筑。 |
| ● |
| 相关链接 |
|
|
|
正题名:图说济南老建筑
索取号:TU-881.2/Z150
 
预约/预借
| 序号 | 登录号 | 条形码 | 馆藏地/架位号 | 状态 | 备注 |
| 1 | 650665 | 206506654 | 建筑库101/101建筑库 23排1列2层/ [索取号:TU-881.2/Z150] | 在馆 |